| Tag |
First Indicator |
Second Indicator |
Subfields |
| LEADER |
00000cam a2200000 a 4500 |
| 001 |
in00000017812 |
| 005 |
20151007053521.0 |
| 008 |
870515c19881987nyuacg b 00110beng |
| 010 |
|
|
|a 87014441
|
| 020 |
|
|
|a 0689118961
|
| 035 |
|
|
|a (OCoLC)15792868
|
| 035 |
|
|
|9 AAB1929AM
|
| 040 |
|
|
|a DLC
|c DLC
|d TXA
|d UtOrBLW
|
| 049 |
|
|
|a TXAM
|c [A11048602]
|
| 050 |
0 |
0 |
|a PR3343
|b .K38 1988
|
| 082 |
0 |
|
|a 821/.6
|a B
|2 19
|
| 100 |
1 |
|
|a Kaplan, Louise J.
|
| 245 |
1 |
4 |
|a The family romance of the impostor-poet Thomas Chatterton /
|c Louise J. Kaplan.
|
| 264 |
|
1 |
|a New York :
|b Atheneum,
|c 1988
|
| 264 |
|
4 |
|c ©1987
|
| 300 |
|
|
|a xv, 301 pages :
|b illustrations, music, portrait ;
|c 24 cm.
|
| 336 |
|
|
|a text
|b txt
|2 rdacontent
|
| 337 |
|
|
|a unmediated
|b n
|2 rdamedia
|
| 338 |
|
|
|a volume
|b nc
|2 rdacarrier
|
| 504 |
|
|
|a Bibliography: pages 259-290.
|
| 500 |
|
|
|a Includes index.
|
| 600 |
1 |
0 |
|a Chatterton, Thomas,
|d 1752-1770.
|
| 650 |
|
0 |
|a Psychoanalysis and literature.
|
| 650 |
|
0 |
|a Poets, English
|y 18th century
|v Biography.
|
| 650 |
|
0 |
|a Impostors and imposture
|z Great Britain
|x Biography.
|
| 650 |
|
0 |
|a Literary forgeries and mystifications
|x History
|y 18th century.
|
| 740 |
0 |
|
|a Thomas Chatterton.
|
| 999 |
|
|
|a MARS
|
| 999 |
f |
f |
|s 422e1ee7-50bd-3d95-aa03-dc637df4237b
|i ec148dfe-fce3-302a-8fe7-f858b96dbf39
|t 0
|
| 952 |
f |
f |
|p normal
|a Texas A&M University
|b College Station
|c Sterling C. Evans Library
|d Evans: Library Stacks
|t 0
|e PR3343 .K38 1988
|h Library of Congress classification
|i unmediated -- volume
|m A14811048602
|
| 998 |
f |
f |
|a PR3343 .K38 1988
|t 0
|l Evans: Library Stacks
|